| 000 | 00442nam a22001817a 4500 | ||
|---|---|---|---|
| 003 | MPLRDC | ||
| 005 | 20220104142908.0 | ||
| 008 | 210129b ||||| |||| 00| 0 eng d | ||
| 020 | _a962-357-398-7 | ||
| 082 | _a177.2 DSZ c.2 | ||
| 100 | _a邓尚志 | ||
| 245 |
_a成功知行学 _c |
||
| 260 |
_a _b明窗出版社 _c1992 |
||
| 300 | _b平 | ||
| 490 | _a知识系列 | ||
| 650 | _a应用心理学--成功法 | ||
| 942 |
_cBK _o177.2 DSZ c.2 |
||
| 999 |
_c34648 _d34638 |
||